Mens NCAA March Madness Bracket 2025 - Elite 8 - Statistics

General Stats
  • This quiz has been taken 12 times
  • The average score is 7 of 8
Answer Stats
Hint Answer % Correct
1 Duke
100%
1 Florida
100%
1 Auburn
90%
1 Houston
90%
3 Texas Tech
90%
2 Alabama
70%
2 Michigan St
70%
2 Tennessee
70%
No matching quizzes found
Score Distribution
Percent of People with Each Score
Percentile by Number Answered
Your Score History
You have not taken this quiz